000 00837nam a2200229Ia 4500
001 15472
003 GE_BSU
008 181216s||||||||xx |||||||||||||| ||und||
040 _cGE_BSU
080 _a821.353.1-32
100 _aჩხაიძე,ალექსანდრე
245 _aზღვა და ოთხი ქალიშვილი
245 _bდოკუმენტ.მოთხრობა
245 _cრედ.ჯ.აბდუშელი. მხატვ. ლ.სეიდიშვილი
260 _aბათუმი
260 _bსაბჭოთა საქართველო
260 _c1969
300 _a283გვ.21სმ.
653 _aდოკუმენტ.მოთხრობა
653 _aზღვა და ოთხი ქალიშვილი
942 _cBK
999 _c48573
_d48573